| 000 | 00663nam a2200241Ia 4500 | ||
|---|---|---|---|
| 003 | OSt | ||
| 005 | 20220912150657.0 | ||
| 006 | a|||||r|||| 00| 0 | ||
| 007 | ta | ||
| 008 | 220909b |||||||| |||| 00| 0 eng d | ||
| 024 | _a24624 | ||
| 037 | _cTextual | ||
| 040 |
_aCSL _beng _cCSL |
||
| 041 | _aeng | ||
| 082 | _aB28930bX, L5 | ||
| 100 | _aPaelinck Jean H P | ||
| 245 | 0 | _aOperational theory and method in regional economics | |
| 260 |
_aWastwead _bSaxon House _c1975 |
||
| 300 |
_axiii, 471p. _ccm. |
||
| 700 | _a Nijkamp Peter | ||
| 942 |
_hB28930bX, L5 _cTEXL _2CC |
||
| 999 |
_c52300 _d52300 |
||